Visualizzazione normale
Vista MARC
- Gancitano Maura
di Personal Name
Records bibliografici associati: 1
001 - CONTROL NUMBER
- control field: 60405
003 - CONTROL NUMBER IDENTIFIER
- control field:
005 - DATE AND TIME OF LATEST TRANSACTION
- control field: 20231219135513.0
008 - FIXED-LENGTH DATA ELEMENTS
- fixed length control field: 231219|| aca||aabn | a|a d
040 ## - CATALOGING SOURCE
- Original cataloging agency:
- Transcribing agency:
100 ## - HEADING--PERSONAL NAME
- Personal name: Gancitano Maura
670 ## - SOURCE DATA FOUND
- Source citation: Work cat.: ()359947: Gancitano Maura, Specchio delle mie brame., 2022